00595nam a2200193 a 4500020001800000082002000018100001700038245004100055260004400096300001000140500003500150505001000185650002400195650002400219700001700243942000700260952011700267999001700384 a0199657 00a291.030bBOW C1 aBowker, John aOxford Dictionary of World Religions aLondon bOxford University Press c1997 a1111p aincludes index and biblioraphy2 aIndex aReligion-Dictionary aDictionary-Religion1 aBowker, John cBK 001040708REFaHMIbHMIcREFd2009-03-02g1440.50l1o200 BOWp017486r2018-09-19s2018-09-14w2026-01-16yBK c12021d12021